000 01713nam a2200301 c 4500
001 768714001
003 CO-MdFUSB
005 20240229125640.0
007 ta
008 190416t2004 ag |||| |||| 00| 0 spa d
020 _a9879403606
040 _aCO-MdFUSB
_bspa
_cCO-MdFUSB
_dCO-MdFUSBC
_erda
041 _aspa
082 _223
_a252
_bC355
100 _aCastro, Emilio
_eautor
245 4 _aLas preguntas de Dios :
_bla predicación evangélica en América Latina.
_c/ Emilio Castro
264 1 _aBuenos Aires, Argentina :
_bkairós,
_c[2004]
264 4 _c© 2004
300 _a156 páginas
_c; 20 cm
336 _2rdacontent
_atexto
_btxt
337 _2rdamedia
_asin mediación
_bn
338 _2rdacarrier
_avolumen
_bnc
505 _a¿De qué me sirven sus muchos sacrificios? -- ¿Dónde está tu hermano?. -- ¿Qué voy a hacer contigo, Efraín? ¿Qué voy a hacer contigo, Judá?. -- ¿Tienes razón de enfurecerte tanto?. -- ¿Quién es este?. -- ¿Por qué buscan ustedes entre los muertos al que vive?. -- ¿También ustedes quieren marcharse?. -- Saulo, Saulo, ¿por qué me persigues?. -- ¿Quién dice la gente que es el Hijo del hombre? Y ustedes, ¿quién dicen que soy yo?. -- ¿A quién enviaré? ¿Quién irá por nosotros?. -- Dios mio, Dios mio, ¿por qué me has desamparado?. -- ¿Qué les respondo si me preguntan: "¿Y cómo se llama?. -- ¿Por qué guardas silencio mientras los impíos se tragan a los justos?. -- Si tú, Señor, tomaras en cuenta los pecados, ¿quién, Señor, sería declarado inocente?. -- ¿Eres tú el que ha de venir, o debemos esperar a otro?
563 _aRústico
650 0 _9691
_aPredicación
_zAmérica Latina
942 _cBK
945 _aJTF-925
999 _c64958
_d64958